| 000 | 00530nam a2200181Ia 4500 | ||
|---|---|---|---|
| 005 | 20250326144946.0 | ||
| 008 | 250326s9999 xx 000 0 und d | ||
| 037 | _aTextbook | ||
| 040 |
_aFMSL _beng _cFMSL |
||
| 041 |
_aeng _2eng |
||
| 084 |
_aX65.1 M9 _qFMSL |
||
| 100 |
_aDicke D C _9750378 |
||
| 245 | 0 |
_aForeign investment in the present and a new international economic order _cDicke D C |
|
| 260 |
_aUS _bUS, University Press _c1987 |
||
| 300 | _a356p | ||
| 942 |
_cTB _hX65.1 M9 |
||
| 999 |
_c1305805 _d1305805 |
||